Classic British Idioms: Fill in the _____ - Statistics

General Stats
  • This quiz has been taken 207 times
    195 since last reset
  • The average score is 21 of 28
Answer Stats
Idiom Missing word % Correct
You can’t judge a book by its _____ cover
98%
_____ speak louder than words Actions
95%
Beat around the _____ bush
93%
Kill two birds with __ _____ one stone
92%
_____ cats and dogs Raining
92%
Biting more than you can _____ chew
91%
Don’t put all your eggs __ __ _____ in one basket
91%
Taste of your own _____ medicine
90%
_____ killed the cat Curiosity
89%
_____ up the wrong tree Barking
88%
It takes two to _____ tango
88%
The ball is in your _____ court
86%
Speak of the _____ devil
86%
An arm and a _____ leg
86%
A penny for your _____ thoughts
86%
Hit the _____ on the head nail
84%
Best thing since _____ _____ sliced bread
82%
Your guess is __ _____ __ _____ as good as mine
79%
Method to my _____ madness
74%
Back to the _____ _____ drawing board
71%
A piece of _____ cake
63%
Steal someone’s _____ thunder
55%
Not my __ __ __ cup of tea
53%
Cheap as _____ chips
49%
Neck of the _____ woods
47%
Don’t give up your _____ _____ day job
44%
_____ out of order Bang
34%
Hit the _____ sack
15%
No matching quizzes found
Score Distribution
Percent of People with Each Score
Percentile by Number Answered
Your Score History
You have not taken this quiz since the last reset